000 00693nam a2200277Ia 4500
005 20260324141640.0
008 008 260324s9999 xx 000 0 eng d
020 _a9781315784465
037 _aEBOOK
040 _aCRL
040 _beng
040 _cCRL
041 _2eng
041 _aeng
084 _qCRL
100 _aDonnel B. Stern; Gary Schlesinger; Carola Mann; Stuart Kantor
_91208979
245 0 _aPioneers of Interpersonal Psychoanalysis
260 _bTaylor and Francis
260 _c1996
365 _a
365 _b89.99
856 _uhttp://www.taylorfrancis.com/books/9781315784465
942 _cEBOOK
999 _c1812305
_d1812305